Detalles MARC
| 000 -LIDER |
| fixed length control field |
01329nam a2200421 4500 |
| 001 - NÚMERO DE CONTROL |
| Identificador de número de control |
a4433444 |
| 003 - IDENTIFICACDOR DE NÚMERO DE CONTROL |
| control field |
DO-SdBNP |
| 005 - DATE AND TIME OF LATEST TRANSACTION |
| control field |
20230824103131.0 |
| 007 - CAMPOS FIJOS DE DESCRIPCIÓN FÍSICA |
| fixed length control field |
a4433444 |
| 008 - ELEMENTOS DE LONGITUD FIJA |
| fixed length control field |
081124s1976 sp |
| 015 ## - NÚMERO DENTRO DE LA BIBLIOGRAFÍA NACIONAL |
| National bibliography number |
|
| 017 ## - NÚMERO DE REGISTRO DE DERECHOS DE AUTOR |
| Copyright or legal deposit number |
|
| Assigning agency |
|
| 020 ## - ISBN |
| International Standard Book Number |
8402013856 |
| 035 ## - NÚMERO LOCAL |
| System control number |
|
| 040 ## - FUENTE DE CATALOGACIÓN |
| Agencia que crea de manera original el registro |
BPMSU |
| Idioma de catalogación |
spa |
| Agencia que realiza la transcripción |
BPMSU |
| Convenciones de la despripción |
|
| 082 #4 - NÚMERO DE CLASIFICACIÓN DECIMAL DE DEWEY |
| Classification number |
891.623 |
| Item number |
G973v 1996 |
| Edition number |
22 |
| 100 ## - ASIENTO PRINCIPAL -- NOMBRE PERSONAL |
| Término de relación |
Swiff, Jonathan |
| 130 0# - ASIENTO PRINCIPAL--TITULO UNIFORME |
| Título uniforme |
Gulliver's travels |
| Idioma de una obra |
Español-Inglés |
| 245 14 - MENCIÓN DE TITULO |
| Título |
Los viajes de Gulliver / |
| Mención de responsabilidad |
Jonathan Swiff ; traducción Ricardo acedo Lobatón ;ilustraciones Pedro Alférez Gonzáles |
| Medio (Designación general de material) |
|
| 260 ## - PUBLICACIÓN, DISTRIBUCIÓN, ETC. (PIE DE IMPRENTA) |
| Lugar de publicación, distribución, etc |
Barcelona : |
| Nombre del editor, distribuidor, etc. |
Bruguera, |
| Fecha de publicación, distribución, etc |
1976 |
| 300 ## - DESCRIPCIÓN FÍSICA |
| Extensión |
255 p. : |
| Otros detalles físicos |
il., ; |
| Dimensiones |
20 cm. |
| 490 0# - MENCIÓN DE SERIES |
| Mención de serie |
Clásicos juveniles ; |
| -- |
Historia |
| Volume/sequential designation |
20 |
| 500 ## - NOTA GENERAL |
| Nota general |
|
| 500 ## - NOTA GENERAL |
| Nota general |
|
| 500 ## - NOTA GENERAL |
| Nota general |
|
| 521 ## - TARGET AUDIENCE NOTE |
| Target audience note |
Aptas para todos los públicos |
| 546 ## - NOTA DE IDIOMA |
| Nota de idioma |
Versiones en español e inglés, con subtítulos opcionales en español e inglés |
| 590 ## - NOTA LOCAL |
| Enlace |
Inventariado, 2023/VM |
| 650 #4 - ENCABEZAMIENTO DE MATERIA--TEMÁTICO |
| Término temático o nombre geográfico como elemento de entrada |
Novela juvenil irlandesa |
| 650 #4 - ENCABEZAMIENTO DE MATERIA--TEMÁTICO |
| Término temático o nombre geográfico como elemento de entrada |
Mitos geográficos |
| Subdivisión de forma |
Novela |
| 650 #4 - ENCABEZAMIENTO DE MATERIA--TEMÁTICO |
| Término temático o nombre geográfico como elemento de entrada |
Viajes imaginarios |
| Subdivisión de forma |
Novela |
| 700 1# - ASIENTO SECUNDARIO -- NOMBRE PERSONAL |
| Nombre personal |
Acedo Lobatón, Ricardo |
| Mención de responsabilidad |
tr. |
| Fechas asociadas con el nombre |
|
| 700 1# - ASIENTO SECUNDARIO -- NOMBRE PERSONAL |
| Nombre personal |
Alférez Gonzáles, Pedro |
| Mención de responsabilidad |
il. |
| 730 02 - ADDED ENTRY--UNIFORM TITLE |
| Uniform title |
Betty Boop |
| Language of a work |
Español |
| 730 02 - ADDED ENTRY--UNIFORM TITLE |
| Uniform title |
Alice in Wonderland |
| Language of a work |
Español |
| 910 ## - VALIDACIÓN |
| Validación |
VMateo V. Control de calidad. BPMSU |
| 942 ## - ADDED ENTRY ELEMENTS (KOHA) |
| Source of classification or shelving scheme |
Dewey Decimal Classification |
| Koha item type |
Libros |